00402nam a2200157 a 4500001000400000003000900004008004100013040002800054082001000082100001500092245004900107260003100156300001500187490001900202650002300221119CO-ViMGA141112s2004 ck r 000 u spa d aCO-ViMGAbspacCO-ViMGA04aMUZdz1 aMuzi, Jean10aDiecisiete fábulas del zorro / cJean Muzi aBogotá : bNorma, c1991 a101 p : il aTorre de papel14aCUENTOS INFANTILES